| 000 | 00909cab a2200241 4500 | ||
|---|---|---|---|
| 001 | WB3123-28 | ||
| 008 | 090401t1995 xxu||||| |||| 00| 0 eng d | ||
| 035 | _a(Sirsi) u3067 | ||
| 041 | _aeng | ||
| 245 | _aNo reasons required for housing decision | ||
| 260 | _c1995 | ||
| 350 | _a0 | ||
| 490 |
_aIndependent _v13 June 1995, 16(1) |
||
| 520 | _a"R v Kensington and Chelsea Royal LBC, ex parte Grillo" CA 11 May 1995. A homeless person had sought a judicial review of the suitability of accommodation offered by the council, which had failed to give reasons why it considered the accommodation suitable. The CA held that it could not force the council to provide reasons where the law did not. | ||
| 650 | _aARTHRITIS | ||
| 650 | _aHOUSING ACT 1985 | ||
| 650 | _aLIFTS | ||
| 650 | _aREASONS | ||
| 650 | _aSUITABLE ACCOMMODATION | ||
| 690 | _aHOUSING-CASE LAW | ||
| 942 | _n0 | ||
| 948 | _c04/03/1997 | ||
| 999 |
_c1852 _d1852 |
||